• 首页
  • 本馆介绍
  • 公告通知
  • 最新文献
  • 馆藏检索
  • 电子资源
  • 读者导购
  • 参考咨询
  • 我的图书馆
  • 登录
  • 详细信息显示
  • 放入我的书架
  • 预约/预借图书
  • 作者相关作品
  • 分类相关作品
  • 丛书相关作品
  • 出版社相关作品

书目信息

  • 表格格式
  • 工作单格式
  • 卡片格式
题名:
微波技术与天线
    
 
作者: 王新稳 编著
分册:  
出版信息: 北京   电子工业出版社  2019.5
页数: 312页
开本: 26cm
丛书名:
单 册:
中图分类: TN015 , TN822
科图分类:
主题词: 微波技术--高等教育--教材 , 微波天线--高等教育--教材
电子资源:
ISBN: 978-7-121-28108-2
000 01263nam0 2200337 45
001 012001002232
005 20211013162347.14
010    @a978-7-121-28108-2@dCNY45.00
096    @aTN01@bwxw
100    @a20160422d2016 em y0chiy50 ea
101 0  @achi
102    @aCN@b110000
105    @aa z 000yy
106    @ar
200 1  @a微波技术与天线@Awei bo ji shu yu tian xian@f王新稳[等]编著
205    @a4版
210    @a北京@c电子工业出版社@d2019.5
215    @a312页@c图@d26cm
300    @a“十二五”普通高等教育本科国家级规划教材 工业和信息化部“十二五”规划教材 电子科学与工程类专业精品教材
300    @a并列题名:Microwave technology and antennas
304    @a编著者还有:李延平、李萍、陈曦、王楠、侯建强等
312    @a封面英文题名:Microwave technology and antennas
330    @a本书从“路”的观点出发,系统论述了微波技术与天线的基本路论与基础知识。主要内容包括:传输线理论与微波传输线、微波网络、微波元件、天线基本理论等。
510 1  @aMicrowave technology and antennas@zeng
606 0  @a微波技术@x高等教育@j教材
606 0  @a微波天线@x高等教育@j教材
690    @aTN015@v5
690    @aTN822@v5
701  0 @a王新稳@Awang xin wen@c(女,@f1960~)@4编著
801  0 @aCN@bBJSDL@c20211011
905    @b1338938-41@dTN015@e181=4@f4
    
    微波技术与天线/王新稳[等]编著.-4版.-北京:电子工业出版社,2019.5
    312页:图;26cm
    “十二五”普通高等教育本科国家级规划教材 工业和信息化部“十二五”规划教材 电子科学与工程类专业精品教材.-并列题名:Microwave technology and antennas
    
    ISBN 978-7-121-28108-2:CNY45.00
    本书从“路”的观点出发,系统论述了微波技术与天线的基本路论与基础知识。主要内容包括:传输线理论与微波传输线、微波网络、微波元件、天线基本理论等。
●
相关链接 在E读中查询图书 在五车中查询图书 在当当中查询图书 在豆瓣中查询图书


正题名:微波技术与天线     索取号:TN015/181=4         预约/预借

序号 登录号 条形码 馆藏地/架位号 状态 备注
1 1338938   213389386   第二样本阅览室/ [索取号:TN015/181=4] 在馆    
2 1338939   213389395   第三借阅区/ [索取号:TN015/181=4] 在馆    
3 1338940   213389402   第三借阅区/ [索取号:TN015/181=4] 在馆    
4 1338941   213389411   第三借阅区/ [索取号:TN015/181=4] 在馆    
唐山师范学院图书馆 欢迎您!
大连网信软件有限公司© 版权所有